00728nam a22002177a 4500003000500000005001700005008004100022010000900063011000900072035000900081040000900090100002900099245011600128260004000244300001900284500001200303502009900315650002200414650004700436650002700483CHAP20220329133247.0971013s1991 r 00010 d a4045 a5017 a4223 cCHAP00aRivas Peralta, Martha R. aAplicación de la programación lineal para minimizar costos en un modelo de transporte de maíz en México aChapingo, Méx. :bEl autor,c1991 a48 h.e+ Anexo aD52-125 aTesis (Ing. Agr. Esp. en Economía Agrícola) -- UACH. Departamento de Economía Agrícola14aMaízzMéxico.14aProductos agrícolasxTransportexCostos.14aProgramación lineal.